| 000 | 00829nam a22002777a 4500 | ||
|---|---|---|---|
| 003 | CHAP | ||
| 005 | 20220329140819.0 | ||
| 008 | 971013s1963 r 00010 d | ||
| 010 | _a58042 | ||
| 011 | _a59014 | ||
| 035 | _a63171 | ||
| 040 | _cCHAP | ||
| 082 |
_a589.2 _bS55Y |
||
| 100 | 0 | 0 |
_aSmith, George. _9107017 |
| 245 | _aIntroducción a la micología industrial | ||
| 260 |
_aZaragoza : _bAcribia, _c1963 |
||
| 300 |
_a443 p. _b: ilus. |
||
| 590 |
_aBATCH-UPD _b10 _c20130110 _lUCH01 _h0725 |
||
| 590 |
_aCONVERSION _b10 _c20130109 _lUCH01 _h1331 |
||
| 650 | 1 | 4 |
_aLevaduras. _966401 |
| 650 | 1 | 4 |
_aMohos. _977290 |
| 901 | _aBK | ||
| 942 | _cLIBRO | ||
| 949 |
_a589.2 S55Y _bBC _cLIBRO _d33724000362125 _eLIBRO _h26953 _i63171 _si _t190.00 |
||
| 949 |
_a589.2 S55Y _bBC _cLIBRO _d33724000362133 _eLIBRO _fc.2 _h39323 _i63171 _si _t190.00 |
||
| 999 |
_c58042 _d58042 |
||